Statistics for NBA 2010-2011 MVP Ladder

Click here to take the quiz!

General Stats

  • This quiz has been taken 1,823 times
  • The average score is 8 of 13

Answer Stats

RankingPlayer% Correct
3LeBron James
100%
1Derrick Rose
96%
4Kobe Bryant
89%
5Kevin Durant
85%
7Dwyane Wade
80%
6Dirk Nowitzki
70%
2Dwight Howard
61%
13Chris Paul
60%
12Tony Parker
46%
10Blake Griffin
35%
11Rajon Rondo
33%
8Manu Ginobili
23%
9Amare Stoudemire
18%

Score Distribution

Percentile by Number Answered

Percent of People with Each Score

Your Score History

You have not taken this quiz